|
|
|
|
| LEADER |
00683nam a22002051a 4500 |
| 020 |
|
|
|a 9781569571071
|c 0.00
|
| 040 |
|
|
|a SSUS - Library - Kalady
|
| 082 |
|
|
|a 294.344 48
|b TRU/H
|
| 100 |
|
|
|a Chogyam Trungpa
|
| 245 |
|
|
|a The heart of the Buddha
|h [Text]
|
| 260 |
|
|
|a Boston
|b Shambhala South Asia
|c 1991
|
| 300 |
|
|
|a 259p.
|
| 600 |
|
|
|a Buddhism
|
| 600 |
|
|
|a Buddhism China
|
| 600 |
|
|
|a Religion
|
| 600 |
|
|
|a Spiritual Life Buddhism
|
| 852 |
|
|
|h 294.344 48
|i TRU/H
|p 024457
|9 195.00
|t 0
|
| 942 |
|
|
|c BK
|
| 999 |
|
|
|c 17265
|d 17265
|
| 952 |
|
|
|0 0
|1 0
|4 0
|6 294_344000000000000_48_TRU_H
|7 0
|9 24313
|a SSUS
|b SSUS
|d 2015-01-08
|g 195.00
|l 1
|o 294.344 48 TRU/H
|p 024457
|r 2017-08-22
|s 2017-07-25
|v 0.00
|w 2015-01-08
|y BK
|